Ilha dos sonhos

Furkejuvvon:
Bibliográfalaš dieđut
Váldodahkkit: Bridon, JC (Dahkki), Santos, Julio Cesar Bridon dos (Dahkki)
Materiálatiipa: Girji
Giella:portugalágiella
Almmustuhtton: Sao Paulo Scortecci 2016
Preanttus:1a. ed
Fáttát:
Fáddágilkorat: Lasit fáddágilkoriid
Eai fáddágilkorat, Lasit vuosttaš fáddágilkora!

MARC

LEADER 00000cam a2200000 a 4500
001 UCD6358
003 CL-VaPUC
008 161201e20160000bl |||||||||||||||||por|d
020 |a 9788536645926 
082 0 4 |a B869.3  |b BRI  |2 21 
100 0 |a Bridon, JC  |e author  |9 590165 
700 0 |a Santos, Julio Cesar Bridon dos  |e author  |9 590166 
245 1 0 |a Ilha dos sonhos 
250 |a 1a. ed 
300 |a 214 p 
942 |c BK 
945 |d 20161201 17:35:00  |a dcastane 
260 |a Sao Paulo  |b Scortecci  |c 2016 
650 0 |a Literatura brasileña  |9 269433 
650 0 |a Literatura de ciencia ficción   |9 567443 
583 |a last modification  |c 20190517 04:10:49  |k Rodrigo Vera 
999 |c 366711  |d 366709 
952 |0 0  |1 0  |3 erb  |4 0  |6 B_869_300000000000000_BRI_2016  |7 0  |8 A  |9 481189  |a BIBEDU  |b BIBEDU  |i 5354803  |o B869.3 BRI 2016  |p 5354803  |r 2019-11-24  |w 2019-11-24  |y BK  |z Catalogado en:20161201  |k LIT 
952 |0 0  |1 0  |3 erb  |4 0  |6 B_869_300000000000000_BRI_2016  |7 0  |8 A  |9 481190  |a BIBARQ  |b BIBARQ  |i 535482K  |o B869.3 BRI 2016  |p 535482K  |r 2025-01-20  |w 2019-11-24  |y BK  |z Catalogado en:20161201  |k ARQ 
952 |0 0  |1 0  |3 erb  |4 0  |6 B_869_300000000000000_BRI_2016  |7 0  |8 A  |9 481191  |a BIBEDU  |b BIBEDU  |i 5545277  |o B869.3 BRI 2016  |p 5545277  |r 2019-11-24  |w 2019-11-24  |y BK  |z Catalogado en:20190520  |k LIT